U.S. State Capitals - Map Quiz - Statistics

General Stats
  • This quiz has been taken 81 times
  • The average score is 40 of 50
Answers on the Map
Answers color-coded by a green-red scale on the quiz's map according to % correct below.
 
Answer Stats
Answer % Correct
Austin
98%
Oklahoma City
91%
Phoenix
91%
Sacramento
91%
Atlanta
89%
Baton Rouge
89%
Boise
89%
Madison
89%
Olympia
89%
Santa Fe
89%
Springfield
87%
Tallahassee
87%
Carson City
84%
Columbus
84%
Denver
84%
Little Rock
84%
Pierre
84%
Salem
84%
Salt Lake City
84%
Boston
82%
Jackson
82%
Albany
80%
Bismarck
80%
Colombia
80%
Des Moines
80%
Helena
80%
Honolulu
80%
Indianapolis
80%
Juneau
80%
Lincoln
80%
Richmond
80%
Augusta
78%
Harrisburg
78%
Jefferson City
78%
Nashville
78%
Charleston
76%
Frankfort
76%
Providence
76%
Raleigh
76%
St. Paul
76%
Topeka
76%
Hartford
73%
Lansing
73%
Montgomery
73%
Trenton
73%
Cheyenne
67%
Concord
67%
Dover
64%
Montpelier
64%
Annapolis
62%
No matching quizzes found
Score Distribution
Percent of People with Each Score
Percentile by Number Answered
Your Score History
You have not taken this quiz